Raúl Anguiano (Record no. 1545)

MARC details
000 -CABECERA
campo de control de longitud fija 00951nam a2200217 a 4500
001 - NÚMERO DE CONTROL
campo de control BRCA_1762
005 - FECHA Y HORA DE LA ÚLTIMA TRANSACCIÓN
campo de control 20190320203535.0
008 - DATOS DE LONGITUD FIJA--INFORMACIÓN GENERAL
campo de control de longitud fija 910114s1985 mx-a---##c---f000-0#spa-#
040 ## - FUENTE DE LA CATALOGACIÓN
Centro catalogador/agencia de origen DLC
Centro/agencia transcriptor DLC
050 #4 - SIGNATURA TOPOGRÁFICA DE LA BIBLIOTECA DEL CONGRESO
Número de clasificación N6559.A5
Número de documento/Ítem .R38 1985
245 10 - MENCIÓN DE TÍTULO
Título Raúl Anguiano
Resto del título una vida entregada a la plástica
Mención de responsabilidad, etc. textos de homenaje Emmanuel Palacios, Raúl Anguiano, Xavier Moyssén.
260 ## - PUBLICACIÓN, DISTRIBUCIÓN, ETC.
Lugar de publicación, distribución, etc. Guadalajara, México
Nombre del editor, distribuidor, etc. Instituto Cultural Cabañas
Fecha de publicación, distribución, etc. 1985
300 ## - DESCRIPCIÓN FÍSICA
Extensión iii, 124 p.
Otras características físicas il. (algunas a color)
Dimensiones 28 cm.
500 ## - NOTA GENERAL
Nota general Catálogo de la exposición de pinturas, dibujos, estampas, tapices, esculturas y cerámicas realizada en el Instituto Cultural Cabañas (Guadalajara, Jalisco, México), 15 octubre - 30 noviembre, 1985
500 ## - NOTA GENERAL
Nota general Colección Sonia Corcuera de Mancera
600 14 - PUNTO DE ACCESO ADICIONAL DE MATERIA--NOMBRE DE PERSONA
Nombre de persona Anguiano, Raúl
Fechas asociadas al nombre 1915-
Subdivisión de forma Exposiciones
9 (RLIN) 5495
700 1# - PUNTO DE ACCESO ADICIONAL--NOMBRE DE PERSONA
Nombre de persona Palacios, Emmanuel
9 (RLIN) 5496
700 1# - PUNTO DE ACCESO ADICIONAL--NOMBRE DE PERSONA
Nombre de persona Moyssén Echeverría, Xavier
9 (RLIN) 801
902 ## - CATALOGADOR
Iniciales DSC
942 ## - ELEMENTOS DE PUNTO DE ACCESO ADICIONAL (KOHA)
Fuente del sistema de clasificación o colocación Library of Congress Classification
Tipo de ítem Koha Libros
Holdings
Estado de retiro Estado de pérdida Estado dañado No para préstamo Localización permanente Ubicación/localización actual Fecha de adquisición Total de préstamos Signatura topográfica completa Código de barras Fecha visto por última vez Precio válido a partir de Tipo de ítem Koha
El ejemplar forma parte de la colección y puede ser consultado según las políticas vigentes.       Biblioteca del Museo Franz Mayer (Rogerio Casas-Alatriste) Biblioteca del Museo Franz Mayer (Rogerio Casas-Alatriste) 27/06/2008   N6559.A5 .R38 1985 DSC00012 22/03/2019 22/03/2019 Libros